Born in Wroclaw - Statistics

General Stats
  • This quiz has been taken 19 times
    15 since last reset
  • The average score is 3 of 10
Answer Stats
Hint Answer % Correct
Prime Minister of Poland from 2017 to 2023 1968 Mateusz Morawiecki
85%
Tennis player and Wimbledon semi-finalist 1997 Hubert Hurkacz
69%
Figher pilot of the German Air Force during World War I, "The Red Baron" 1892 Manfred von Richthofen
46%
German physicist and "father of quantum mechanics", he was awarded the Nobel Prize in Physics in 1954 1882 Max Born
23%
German Lutheran pastor, theologian and key founding member of the Confessing Church, got executed by the Nazis 1906 Dietrich Bonhoeffer
15%
German Jewish philosopher, who converted to Christianity, she died in Auschwitz-Birkenau and is canonized as a martyr and saint of the Catholic church 1891 Edith Stein
15%
Polish cinematographer, "Pulp Fiction" "American Psycho" 1954 Andrzej Sekula
8%
Initiator of the social democratic movement in Germany 1825 Ferdinand Lassalle
8%
German scholar, his work is considered the foundation of hermeneutics 1768 Friedrich Schleiermacher
8%
One of the most important conductors of the 20th century 1885 Otto Klemperer
8%
No matching quizzes found
Score Distribution
Percent of People with Each Score
Percentile by Number Answered
Your Score History
You have not taken this quiz since the last reset